<?xml version="1.0" encoding="UTF-8"?>
<record
    xmlns:xsi="http://www.w3.org/2001/XMLSchema-instance"
    xsi:schemaLocation="http://www.loc.gov/MARC21/slim http://www.loc.gov/standards/marcxml/schema/MARC21slim.xsd"
    xmlns="http://www.loc.gov/MARC21/slim">

  <leader>01005nam a22001937a 4500</leader>
  <controlfield tag="005">20210414114127.0</controlfield>
  <controlfield tag="008">120823t        xxu||||| |||| 00| 0 eng d</controlfield>
  <datafield tag="020" ind1=" " ind2=" ">
    <subfield code="a">0582381649</subfield>
  </datafield>
  <datafield tag="050" ind1=" " ind2=" ">
    <subfield code="a">HF5718.T38</subfield>
  </datafield>
  <datafield tag="100" ind1=" " ind2=" ">
    <subfield code="a">Taylor, Shirley.</subfield>
  </datafield>
  <datafield tag="245" ind1=" " ind2=" ">
    <subfield code="a">Communication for business : a practical approach. /</subfield>
    <subfield code="c">Shirley Taylor.</subfield>
  </datafield>
  <datafield tag="250" ind1=" " ind2=" ">
    <subfield code="a">3rd ed.</subfield>
  </datafield>
  <datafield tag="260" ind1=" " ind2=" ">
    <subfield code="a">New York :</subfield>
    <subfield code="b">Longman,</subfield>
    <subfield code="c">1999.</subfield>
  </datafield>
  <datafield tag="300" ind1=" " ind2=" ">
    <subfield code="a">xvi, 348 p. : </subfield>
    <subfield code="b">ill., facsims ;</subfield>
    <subfield code="c">25 cm.</subfield>
  </datafield>
  <datafield tag="500" ind1=" " ind2=" ">
    <subfield code="a">Includes index.</subfield>
  </datafield>
  <datafield tag="505" ind1=" " ind2=" ">
    <subfield code="a">Contents: An Overview -- Oral communication -- Use of english -- Introducing the business letter -- Rules of good writing -- Recruitment correspondence -- Email and fax message -- Memoranda -- Meetings documentation -- Circulars and sales letters -- Publicity material -- Newsletters -- Notices and advertisements -- Leaflets -- Invitations -- Form design -- Questionnaires -- Visual presentation -- Reformulating and summarising -- Comprehension -- Appendix.</subfield>
  </datafield>
  <datafield tag="650" ind1=" " ind2=" ">
    <subfield code="a">Business communication. </subfield>
  </datafield>
  <datafield tag="942" ind1=" " ind2=" ">
    <subfield code="2">lcc</subfield>
    <subfield code="c">BK</subfield>
  </datafield>
  <datafield tag="999" ind1=" " ind2=" ">
    <subfield code="c">2133</subfield>
    <subfield code="d">9633</subfield>
  </datafield>
  <datafield tag="952" ind1=" " ind2=" ">
    <subfield code="0">0</subfield>
    <subfield code="1">0</subfield>
    <subfield code="2">lcc</subfield>
    <subfield code="4">0</subfield>
    <subfield code="7">0</subfield>
    <subfield code="a">WIUC-1</subfield>
    <subfield code="b">WIUC-1</subfield>
    <subfield code="c">REF</subfield>
    <subfield code="d">2012-08-23</subfield>
    <subfield code="l">0</subfield>
    <subfield code="o">HF5718.T38</subfield>
    <subfield code="p">4936/12</subfield>
    <subfield code="r">2012-08-23 00:00:00</subfield>
    <subfield code="t">1</subfield>
    <subfield code="w">2012-08-23</subfield>
    <subfield code="y">BK</subfield>
  </datafield>
  <datafield tag="952" ind1=" " ind2=" ">
    <subfield code="0">0</subfield>
    <subfield code="1">0</subfield>
    <subfield code="2">lcc</subfield>
    <subfield code="4">0</subfield>
    <subfield code="7">0</subfield>
    <subfield code="a">WIUC-1</subfield>
    <subfield code="b">WIUC-1</subfield>
    <subfield code="c">REF</subfield>
    <subfield code="d">2012-08-23</subfield>
    <subfield code="l">0</subfield>
    <subfield code="o">HF5718.T381</subfield>
    <subfield code="p">4937/12</subfield>
    <subfield code="r">2012-08-23 00:00:00</subfield>
    <subfield code="t">2</subfield>
    <subfield code="w">2012-08-23</subfield>
    <subfield code="y">BK</subfield>
  </datafield>
</record>
